El Atlántico (Record no. 90161)

MARC details
000 -LEADER
campo de control de longitud fija 00772nam a2200217 i 4500
001 - NÚMERO DE CONTROL
campo de control 90161
003 - IDENTIFICADOR DE NÚMERO DE CONTROL
campo de control ES-MaACL
005 - FECHA Y HORA DE LA ÚLTIMA TRANSACCIÓN
campo de control 20231205142502.0
007 - CAMPO FIJO DE DESCRIPCIÓN FÍSICA--INFORMACIÓN GENERAL
campo de control de longitud fija t|
008 - DATOS DE LONGITUD FIJA--INFORMACIÓN GENERAL
campo de control de longitud fija 050119s1945 sp ||||1| spa d
100 1# - ENTRADA PRINCIPAL--NOMBRE DE PERSONA
Nombre de persona Le Danois, Edmond.
9 (RLIN) 70863
245 13 - MENCIÓN DEL TÍTULO
Título El Atlántico
Resto del título : historia y vida de un océano /
Mención de responsabilidad, etc. Ed. Le Danois ; traducción de Xavier Zubiri.
250 ## - MENCION DE EDICION
Mención de edición 2ª ed. [especualmente autorizada por el autor].
260 ## - PUBLICACIÓN, DISTRIBUCIÓN, ETC.
Lugar de publicación, distribución, etc. Madrid :
Nombre del editor, distribuidor, etc. Espasa-Calpe,
Fecha de publicación, distribución, etc. [1945] (
Fabricante Gerónimo J. Pesce)
300 ## - DESCRIPCIÓN FÍSICA
Extensión 268 p., 16 lám. :
Otras características físicas il. ;
Dimensiones 20 cm.
490 1# - MENCIÓN DE SERIE
Mención de serie Nueva ciencia, nueva técnica
700 1# - ENTRADA AGREGADA--NOMBRE PERSONAL
Nombre de persona Zubiri, Xavier,
Fechas asociadas al nombre 1898-1983
9 (RLIN) 118406
830 0# - PUNTO DE ACCESO ADICIONAL DE SERIE-TÍTULO UNIFORME
Título uniforme Nueva ciencia, nueva técnica
9 (RLIN) 181572
852 ## - LOCALIZACIÓN
Ubicación ES-MaACL
Número de control de estantería D-5877
Sublocalización o colección R.31510
Holdings
Estatus retirado Estado de pérdida Estado de daño No para préstamo Biblioteca de origen Biblioteca actual Ubicación en estantería Fecha de adquisición Fuente de adquisición Total de préstamos Signatura topográfica completa Código de barras Visto por última vez Precio de reemplazo Tipo de ítem Koha
        Biblioteca del Ateneo de Madrid Biblioteca del Ateneo de Madrid Sala Valle Inclán 17/01/2008     D-5877 901094154 23/02/2023 23/02/2023 Libro impreso